Actress by photos - Statistics

General Stats
  • This quiz has been taken 151 times
  • The average score is 12 of 16
Answer Stats
Picture Answer % Correct
jennifer aniston
96%
angelina jolie
89%
emma watson
88%
jennifer lopez
88%
marilyn monroe
86%
jennifer lawrence
84%
meryl streep
84%
julia roberts
81%
emma stone
78%
nicole kidman
74%
scarlett johansson
70%
natalie portman
67%
megan fox
64%
blake lively
60%
sofia vergara
55%
bryce dallas
26%
No matching quizzes found
Score Distribution
Percent of People with Each Score
Percentile by Number Answered
Your Score History
You have not taken this quiz